1257 1133 1315 1679 1949 1083 1303 1888 1472 1609 1300 1834 1015 1506 1746 1459 1352 1355 1792 1952 1570 1236 1464 1003 1962 1218 1811 1830 1346 1653 1569 1095 1705 1589 1484 1236 1575 1926 1596 1974 1542 1818 1244 1180 1984 1682 1945 1474 1227 1146 1603 1764 1854 1216 1620 1006 1382 1515 1472 1215 1527 1008 1675 1121 1546 1614 1650 1327 1067 1954 1733 1849 1784 1740 1058 1711 1854 1057 1203 1430 1447 1899 1422 1601 1769 1176 1514 1616 1389 1553 1311 1032 1984 1693 1270 1936 1166 1814 1059 BCNSPRNW ULIB Ver.6.0+V

เปลี่ยนเป็นภาษาไทย

Change to English
 แสดงรายละเอียดบรรณานุกรม
  กลับหน้าหลัก

Brief Record : Get Marc (ISO 2709) : E-mail record : QR code < ปิดหน้าต่าง
LEADER : 00000nam 2200000uu 4500
001    13399125225
003     ULIB
008    161121s2557||||th 000 0 tha d
060  4 ^aW540JT3^bจ755ค
245 00 ^aความรู้เพื่อการป้องกันและแก้ไขปัญหาความขัดแย้ง:^bโครงการ TO BE NUMBER ONE ในทูลกระหม่อมหญิงอุบลรัตน์ราชกัญญา สิริวัฒนาพรรณวดี /^cนายแพทย์เจษฎา โชคดำรงสุข
260    ^aนนทบุรี :^bศูนย์สื่อและสิ่งพิมพ์แก้วเจ้าจอม มหาวิทยาลับราชภัฎสุนันทา,^c2557
300    ^a78 หน้า :^bภาพประกอบ ;^c21 ซม.
650  7 ^aปัญหา^bความขัดแย้ง
700 0  ^aนายแพทย์เจษฎา โชคดำรงสุข
710 2  ^aกรมสุขภาพจิตกระทรวงสาธารณสุข
945    ^p0^l0^i001536
945    ^p0^l0^i001535
999    ^aวรรณษา ชูชัยมงคล
รายการนี้ยังไม่มีแท็ก
คุณยังไม่ได้ล็อกอิน คุณสามารถมีกิจกรรมร่วมกับเว็บไซต์ได้ แต่ต้องล็อกอินก่อน ::
  ล็อกอิน

รายการสื่อสารสนเทศ

ลำดับที่ ประเภท เลขเรียก/บาร์โค้ด สถานที่ สถานะ
1. การศึกษาทั่วไป
การศึกษาทั่วไป
สถานะ=หนังสือเก่า
W540JT3 จ755ค ฉ.1 
  Barcode: 001535
ห้องสมุดวิทยาเขตสวรรค์ประชารักษ์
►ส่วนจัดเก็บหนังสือเก่า สปร
บนชั้น
  ขอยืม
2. การศึกษาทั่วไป
การศึกษาทั่วไป
สถานะ=หนังสือเก่า
W540JT3 จ755ค ฉ.2 
  Barcode: 001536
ห้องสมุดวิทยาเขตสวรรค์ประชารักษ์
►ส่วนจัดเก็บหนังสือเก่า สปร
บนชั้น
  ขอยืม

BibComment


ยังไม่เคยถูกคอมเมนท์

คอมเมนท์ทรัพยากรรายการนี้
  คอมเมนท์: ความรู้เพื่อการป..


 Copyright 2026. Bcnsprnw @Library